| 000 | 00597nam a22002057a 4500 | ||
|---|---|---|---|
| 999 |
_c6305 _d6305 |
||
| 003 | AR-CdUCM | ||
| 008 | 190314b ||||| |||| 00| 0 spa d | ||
| 020 | _a978-612-45205-00-9 | ||
| 040 |
_aMUNICIPALIDAD PROVINCIAL DEL CUSCO _cBIBLIOTECA MUNICIPAL DEL CUSCO |
||
| 082 |
_a869.57 / _bB519 |
||
| 100 |
_aBezzubikoff, Evgueni _912471 |
||
| 245 | _aCrónica del adiós / | ||
| 260 |
_aLima : _bHipocampo Editores, _c2010. |
||
| 300 |
_a61 páginas ; _c21 cm. |
||
| 505 | _aContenido : Poesía | ||
| 650 |
_aPoesía _9444 |
||
| 650 |
_aLiteratura _9416 |
||
| 942 |
_2ddc _cLIBROS |
||
| 945 | _admma | ||